000 00591cam a22002053a 4500
001 45114
003 PGUSA
005 20140828084030.0
008 140311s2014||||xxu|||||s|||||000 | eng d
040 _aPGUSA
_beng
042 _adc
245 1 4 _aThe Children's Book of Thanksgiving Stories
_h[electronic resource] /
_cVarious
260 _bProject Gutenberg,
_c2014
506 _aPublic domain in the USA.
516 _aElectronic text
700 1 _aDickinson, Asa Don,
_d1876-1960
830 0 _aProject Gutenberg
_v45114
856 4 0 _uhttp://www.gutenberg.org/ebooks/45114
942 _cEB
999 _c274365
_d274365